| 000 | 00808nas a22002057a 4500 | ||
|---|---|---|---|
| 008 | 130222t20009999sp ||||| |||| 00| 0 spa d | ||
| 022 | _a0210-573X | ||
| 245 | _aClínica e Investigación en Ginecología y Obstetricia | ||
| 260 |
_aBarcelona: _bElsevier _bDoyma, _c2000 |
||
| 300 | _av. : | ||
| 310 | _amensual | ||
| 546 | _aespañol | ||
| 590 | _aIndexada en: Science Direct, EMBASE/ Excerpta Médica | ||
| 590 | _aExistencias: 2000 27(1-10); 2001 28(1-10) | ||
| 650 |
_aGINECOLOGIA _91896 |
||
| 650 |
_aOBSTETRICIA _91897 |
||
| 856 |
_uhttp://www.elsevier.es/es/revistas/clinica-e-investigacion-ginecologia-obstetricia-7 _zAcceso a resumenes |
||
| 856 |
_uhttp://www.biblioteca.mincyt.gov.ar/ _zAcceda desde aquí a Science Direct para obtener free full text (desde PCs habilitadas) |
||
| 942 |
_2ddc _cCR |
||
| 999 |
_c1165 _d1165 |
||